| 000 | 00545nam a22001697a 4500 | ||
|---|---|---|---|
| 005 | 20180823120120.0 | ||
| 010 | _aB-031876 | ||
| 020 |
_a8170002613 _c350.00 |
||
| 035 | _aB-031876 | ||
| 037 |
_aDPL _bENG |
||
| 100 | _aSehgal, R. L. | ||
| 245 |
_aGuide to Library and Information science : _bPart-I Cataloguing / _cby R. L. Sehgal |
||
| 260 |
_aNew Delhi _bEss Ess Publications _c1999 |
||
| 270 |
_a4837/24, Ansari Road, Darya Ganj _bNew Delhi _e110002 |
||
| 300 |
_a275p. _c23 cms. (Hb) |
||
| 942 |
_2ddc _cEN _h020 _mसहग |
||
| 999 |
_c156179 _d156179 |
||